Persönlichkeitsstörungen und idiophatische Psychosyndrome

Saved in:  
Bibliographic Details
Main Author: Sass, Henning (Author)
Format: Print Article
Language:German
Published: 1999
In: 50 Jahre Psychiatrie
Year: 1999, Pages: 188-198
Check availability: HBZ Gateway
Keywords:

MARC

LEADER 00000caa a22000002c 4500
001 1525958127
003 DE-627
005 20220604105002.0
007 tu
008 160223s1999 xx ||||| 00| ||ger c
020 |a 3794519795 
035 |a (DE-627)1525958127 
035 |a (DE-576)455958122 
035 |a (DE-599)BSZ455958122 
040 |a DE-627  |b ger  |c DE-627  |e rakwb 
041 |a ger 
100 1 |a Sass, Henning  |4 aut 
245 1 0 |a Persönlichkeitsstörungen und idiophatische Psychosyndrome  |c Henning Saß 
264 1 |c 1999 
336 |a Text  |b txt  |2 rdacontent 
337 |a ohne Hilfsmittel zu benutzen  |b n  |2 rdamedia 
338 |a Band  |b nc  |2 rdacarrier 
773 0 8 |i In  |t 50 Jahre Psychiatrie  |d Stuttgart [u.a.] : Schattauer, 1999  |g (1999), Seite 188-198  |h XII, 248 S.  |w (DE-627)254045111  |w (DE-576)074789988  |z 3794519795  |7 nnam 
773 1 8 |g year:1999  |g pages:188-198 
935 |a mkri 
951 |a AR 
ELC |b 1 
LOK |0 000 xxxxxcx a22 zn 4500 
LOK |0 001 2899443844 
LOK |0 003 DE-627 
LOK |0 004 1525958127 
LOK |0 005 20160223100301 
LOK |0 008 160208||||||||||||||||ger||||||| 
LOK |0 040   |a DE-21-110  |c DE-627  |d DE-21-110 
LOK |0 689   |a s  |a Psychosyndrome 
LOK |0 852   |z Kein Bestand am IfK; Nachweis für KrimDok 
LOK |0 852   |a DE-21-110 
LOK |0 852 1  |m v  |9 00 
LOK |0 935   |a k110 
LOK |0 938   |k v 
LOK |0 939   |a 08-02-16  |b l01 
ORI |a SA-MARC-krimdoka001.raw